Social order and entrepreneurship : proceedings of the second Fuji conference

Na minha lista:
Detalhes bibliográficos
Formato: Livro
Idioma:Undetermined
Publicado em: Tokyo University of Tokyo Press 1977
Assuntos:
Tags: Adicionar Tag
Sem tags, seja o primeiro a adicionar uma tag!
Thư viện lưu trữ: Trung tâm Học liệu Trường Đại học Cần Thơ
LEADER 00601nam a2200193Ia 4500
001 CTU_85725
008 210402s9999 xx 000 0 und d
082 |a 301.18 
082 |b I.61 
245 0 |a Social order and entrepreneurship : 
245 0 |b proceedings of the second Fuji conference 
245 0 |c International Conference on Business History; edited by Keiichiro Nakagawa 
260 |a Tokyo 
260 |b University of Tokyo Press 
260 |c 1977 
650 |a Industrial management 
650 |x Congresses 
904 |i Năm 
980 |a Trung tâm Học liệu Trường Đại học Cần Thơ